000 00565nam a2200193Ia 4500
005 20250326144908.0
008 250326s9999 xx 000 0 und d
020 _a0-07-058537-7
037 _aTextbook
040 _aFMSL
_beng
_cFMSL
041 _aeng
_2eng
084 _aX:89Q8 P5
_qFMSL
100 _aRampersad H K
245 0 _aManaging total quality: enhancing personal and company value
_cRampersad H K
260 _aNew Delhi
_bNew Delhi, Tata McGraw-Hill
_c2005
300 _a307p
942 _cTB
_hX:89Q8 P5
999 _c1305514
_d1305514